| 000 | 00637nam a2200217 i 4500 | ||
|---|---|---|---|
| 001 | 75377 | ||
| 003 | ES-MaACL | ||
| 005 | 20250829112155.0 | ||
| 007 | t| | ||
| 008 | 040924s1973 sp ||||1| spa d | ||
| 100 | 1 |
_aGrapin, Pierre. _959672 |
|
| 245 | 1 | 3 |
_aLa antropología criminal / _cpor Pierre Grapin ; [traducción de Francesc Lloveras]. |
| 250 | _a[1ª ed.]. | ||
| 260 |
_aBarcelona : _bOikos-Tau, _c[1973] |
||
| 300 |
_a122 p. ; _c18 cm. |
||
| 490 | 1 | _a¿¿Qué sé? | |
| 700 | 1 |
_aLloveras, Francesc. _972937 |
|
| 830 | 0 |
_a¿Qué sé? _9181382 |
|
| 852 |
_aES-MaACL _jC-54601 _bR.87145 |
||
| 999 |
_c75377 _d75377 |
||